000 00407nam a22001817a 4500
003 MPLRDC
005 20220104163250.0
008 210129b ||||| |||| 00| 0 eng d
020 _a9971-64-062-7
082 _a046 FONG
100 _aSIT YIN FONG
245 _aTALES OF CHINATOWN
_c
250 _a重印
260 _a
_bHEINEMANN ASIA
_c1983
300 _b
650 _a
942 _cBK
_o046 FONG
999 _c56377
_d56367